Statistics for F.R.I.E.N.D.S Quiz

Click here to take the quiz!

General Stats

  • This quiz has been taken 264 times
  • The average score is 11 of 15

Answer Stats

HintAnswer% Correct
The older brother of Monica, has a passion for dinosaurs.Ross
100%
The confident, sometimes obsessive, chef that not only loves cooking, but also cleaning.Monica
98%
The sweet, Italian actor.Joey
97%
The woman who went from "Daddy's Girl" to business woman.Rachel
97%
The only child that is considered the jokester of the group.Chandler
96%
Name of the twin sister of Phoebe.Ursula
96%
Name of the manager of Central Perk.Gunther
94%
The down to earth, positive guitarist with a twin sister.Phoebe
93%
First ex-wife of RossCarol
91%
Children of RossBen and Emma
87%
Name of the mother of ChandlerNora Bing
63%
Name of the younger co-worker that had a relationship with Rachel as her assistant.Tag Jones
43%
High School of Ross, Monica, and Rachel.Lincoln High
29%
Favorite food of JoeySandwhiches
6%
Profession of PhoebeMassage Therapist
0%

Score Distribution

Percentile by Number Answered

Percent of People with Each Score

Your Score History

You have not taken this quiz